| 000 | 00995cab a2200265 4500 | ||
|---|---|---|---|
| 001 | ABS49392 | ||
| 008 | 090401t1993 xxu||||| |||| 00| 0 eng d | ||
| 035 | _a(Sirsi) u71075 | ||
| 041 | _aeng | ||
| 245 | _aProfessional league 93 | ||
| 260 | _c1993 | ||
| 350 | _a0 | ||
| 490 |
_aBuilding _v258(7812) 24 September 1993, 18-23(5) |
||
| 520 | _aThe 1993 Building League table of professional practices lists the top fifteen multi-disciplinary consultancies, top twenty consulting engineers, the top thirty quantity surveying practices and finally the top fifteen building surveying departments. Includes details of workload expectations for each group. | ||
| 650 | _aBUILDING SURVEYORS | ||
| 650 | _aCONSULTING ENGINEERS | ||
| 650 | _aLEAGUE TABLE | ||
| 650 | _aMULTI-DISCIPLINARY CONSULTANCIES | ||
| 650 | _aQUANTITY SURVEYORS | ||
| 650 | _aRANKINGS | ||
| 650 | _aWORKLOAD | ||
| 690 | _aMANAGEMENT-BUSINESS MANAGEMENT-PROFESSIONAL PRACTICE | ||
| 942 | _n0 | ||
| 948 | _c04/03/1997 | ||
| 999 |
_c44777 _d44777 |
||